[Event "LTU-ch sf"]
[Site "Vilnius"]
[Date "2023.04.16"]
[Round "9"]
[White "Kraujunas, Vladas"]
[Black "Vazgauskas, Povilas"]
[Result "1-0"]
[WhiteElo "1663"]
[BlackElo "1422"]
[PlyCount "73"]
[EventDate "2023.04.11"]
[EventType "swiss"]
[EventRounds "9"]
[EventCountry "LTU"]
[SourceTitle "CBM 213 Extra"]
[Source "ChessBase"]
[SourceDate "2023.05.31"]
[SourceVersion "1"]
[SourceVersionDate "2023.05.31"]
[SourceQuality "1"]

1. e4 c5 2. Nf3 Nc6 3. d4 cxd4 4. Nxd4 g6 5. Nxc6 bxc6 6. Qd4 Qa5+ 7. Bd2 e5 8. Qc3 Qxc3 9. Bxc3 f6 10. Nd2 a5 11. a3 Bc5 12. Nc4 Ba6 13. Nxa5 Bxf1 14. Rxf1 Ne7 15. Nb7 d6 16. 0-0-0 Nc8 17. Nxc5 dxc5 18. f4 Nb6 19. fxe5 Nc4 20. Rxf6 Ke7 21. Rxc6 Rhc8 22. Rxc8 Rxc8 23. a4 Rf8 24. a5 Rf2 25. b3 Ne3 26. Rd3 Nxc2 27. a6 Nb4 28. Bxb4 cxb4 29. Kb1 Rf1+ 30. Kc2 Ra1 31. Rd6 Ra5 32. Rb6 Kd7 33. Kd3 Kc7 34. Rb7+ Kc6 35. Rxh7 Rxe5 36. a7 Ra5 37. Kc4 1-0

[Event "LTU-ch sf"]
[Site "Vilnius"]
[Date "2023.04.14"]
[Round "6"]
[White "Achremovas, Igoris"]
[Black "Kraujunas, Vladas"]
[Result "1/2-1/2"]
[WhiteElo "1421"]
[BlackElo "1663"]
[PlyCount "128"]
[EventDate "2023.04.11"]
[EventType "swiss"]
[EventRounds "9"]
[EventCountry "LTU"]
[SourceTitle "CBM 213 Extra"]
[Source "ChessBase"]
[SourceDate "2023.05.31"]
[SourceVersion "1"]
[SourceVersionDate "2023.05.31"]
[SourceQuality "1"]

1. e4 e5 2. Nf3 Nc6 3. Bb5 Nf6 4. 0-0 d6 5. d4 exd4 6. Nxd4 Bd7 7. Nc3 Ne5 8. Bxd7+ Nexd7 9. Qe2 c5 10. Nf5 g6 11. Ne3 Nb6 12. Rd1 Nfd7 13. Ned5 Nxd5 14. exd5+ Qe7 15. Qb5 0-0-0 16. Bf4 Bg7 17. a4 Ne5 18. a5 Qd7 19. Qb3 Kb8 20. Na4 h5 21. h3 Bf6 22. Nc3 Qf5 23. a6 Rd7 24. Bh2 g5 25. axb7 Rxb7 26. Qa4 Qd7 27. Ne4 Bg7 28. Qxd7 Rxd7 29. Nxg5 Nc4 30. Rdb1 Re8 31. Ra6 Nb6 32. Kf1 Be5 33. f4 Bd4 34. Nf3 Nxd5 35. Nxd4 cxd4 36. f5 Ne3+ 37. Kf2 Nxf5 38. g4 Kb7 39. Rba1 hxg4 40. hxg4 Ne3 41. Rxa7+ Kc6 42. R1a6+ Kb5 43. Rxd7 Kxa6 44. Rxd6+ Kb5 45. Rxd4 Nxc2 46. Rd2 Ne3 47. Rd4 Re6 48. Kf3 Nc4 49. b3 Re3+ 50. Kf4 Rxb3 51. Kg5 Rh3 52. Bf4 Rh7 53. Kf6 Nb6 54. Bc7 Nc4 55. g5 Ne3 56. Bd6 Kc6 57. Bf8 Nd5+ 58. Ke5 Nb6 59. Rd6+ Kc7 60. Rh6 Nd7+ 61. Kf5 Nxf8 62. Kf6 Nd7+ 63. Kf5 Rg7 64. g6 fxg6+ 1/2-1/2

[Event "LTU-ch sf"]
[Site "Vilnius"]
[Date "2023.04.13"]
[Round "5"]
[White "Kraujunas, Vladas"]
[Black "Posaskov, Nikita"]
[Result "0-1"]
[WhiteElo "1663"]
[BlackElo "2185"]
[PlyCount "72"]
[EventDate "2023.04.11"]
[EventType "swiss"]
[EventRounds "9"]
[EventCountry "LTU"]
[SourceTitle "CBM 213 Extra"]
[Source "ChessBase"]
[SourceDate "2023.05.31"]
[SourceVersion "1"]
[SourceVersionDate "2023.05.31"]
[SourceQuality "1"]

1. e4 c5 2. Nf3 a6 3. d4 cxd4 4. Nxd4 Nf6 5. Nc3 e5 6. Nb3 Bb4 7. Bg5 d6 8. Qf3 Be6 9. Bxf6 Qxf6 10. Qxf6 gxf6 11. 0-0-0 Bxc3 12. bxc3 Ke7 13. Kb2 Rc8 14. Rd3 Nd7 15. Re3 Nb6 16. c4 Rxc4 17. Bd3 Rc7 18. Rg3 Na4+ 19. Kb1 b5 20. Rg7 Rh8 21. Re1 h5 22. h4 Bg4 23. Na5 Kf8 24. Rxg4 hxg4 25. g3 Ke7 26. Nb3 Ke6 27. Rh1 Rh5 28. Nd2 d5 29. f3 gxf3 30. exd5+ Kxd5 31. Be4+ Ke6 32. Bxf3 Rh8 33. g4 f5 34. c4 fxg4 35. Bxg4+ f5 36. Bh3 bxc4 0-1

[Event "LTU-ch sf"]
[Site "Vilnius"]
[Date "2023.04.12"]
[Round "2"]
[White "Jeriominas, Jurijus"]
[Black "Kraujunas, Vladas"]
[Result "0-1"]
[WhiteElo "1320"]
[BlackElo "1663"]
[PlyCount "140"]
[EventDate "2023.04.11"]
[EventType "swiss"]
[EventRounds "9"]
[EventCountry "LTU"]
[SourceTitle "CBM 213 Extra"]
[Source "ChessBase"]
[SourceDate "2023.05.31"]
[SourceVersion "1"]
[SourceVersionDate "2023.05.31"]
[SourceQuality "1"]

1. d4 d5 2. c4 e6 3. Nc3 Nf6 4. Bg5 Be7 5. Nf3 0-0 6. e3 Nbd7 7. Rc1 b6 8. cxd5 exd5 9. Bd3 Bb7 10. Qc2 Re8 11. 0-0 h6 12. Bh4 c6 13. Qe2 a6 14. h3 Ne4 15. Bxe7 Qxe7 16. Rfe1 b5 17. Bb1 f5 18. Qd3 b4 19. Ne2 Qf6 20. Nf4 Re7 21. Nh5 Qf7 22. Ng3 Rf8 23. Ne2 g5 24. Nh2 Qe8 25. f3 Nd6 26. Nf1 Nc4 27. Rxc4 dxc4 28. Qxc4+ Kg7 29. Qxb4 Nf6 30. Bxf5 Nd5 31. Qb3 Rxf5 32. e4 Rff7 33. Nfg3 Nf4 34. Nxf4 gxf4 35. Ne2 Re6 36. Qc3 Kh7 37. Qd3 Rg6 38. e5 Bc8 39. h4 Bf5 40. Qd2 Bh3 41. Nxf4 Rxf4 42. Qxf4 Rxg2+ 43. Kh1 Qg6 44. Qe4 Qxe4 45. Rxe4 Rg8 46. Rf4 Be6 47. Rf6 Bd5 48. Kh2 Rg6 49. Rf8 Bxa2 50. h5 Rg5 51. f4 Rxh5+ 52. Kg3 Kg7 53. Rf6 Bd5 54. Kg4 Rh2 55. f5 Rxb2 56. Rg6+ Kh7 57. Rd6 Rb7 58. e6 Rb8 59. Rd7+ Kg8 60. Kh5 Re8 61. Kxh6 Bxe6 62. Rg7+ Kf8 63. fxe6 Rxe6+ 64. Rg6 Rxg6+ 65. Kxg6 Ke7 66. Kf5 Kd6 67. Ke4 a5 68. Kd3 Kd5 69. Kc3 a4 70. Kb4 Kxd4 0-1

[Event "LTU-ch sf"]
[Site "Vilnius"]
[Date "2023.04.12"]
[Round "3"]
[White "Kraujunas, Vladas"]
[Black "Kraucenka, Justas"]
[Result "1-0"]
[WhiteElo "1663"]
[BlackElo "1079"]
[PlyCount "79"]
[EventDate "2023.04.11"]
[EventType "swiss"]
[EventRounds "9"]
[EventCountry "LTU"]
[SourceTitle "CBM 213 Extra"]
[Source "ChessBase"]
[SourceDate "2023.05.31"]
[SourceVersion "1"]
[SourceVersionDate "2023.05.31"]
[SourceQuality "1"]

1. e4 e5 2. Nf3 Nc6 3. Bb5 a6 4. Ba4 Nf6 5. 0-0 d6 6. d3 b5 7. Bb3 Bg4 8. c3 Be7 9. Nbd2 0-0 10. Re1 Re8 11. Nf1 Nb8 12. Ng3 Nbd7 13. h3 Be6 14. Bc2 c5 15. d4 cxd4 16. cxd4 exd4 17. Nxd4 Rc8 18. Nxe6 fxe6 19. Be3 Nb6 20. b3 Rc6 21. Re2 Qc7 22. Bd3 Rc8 23. a4 bxa4 24. Bxa6 Ra8 25. Bb5 Rc3 26. bxa4 Qd8 27. Qd4 Rc5 28. Qb4 Rcc8 29. Qb3 d5 30. Rd1 Nc4 31. Bxc4 Rxc4 32. exd5 exd5 33. Bb6 Qd7 34. a5 Bc5 35. Qf3 Bxb6 36. axb6 Qb5 37. Re7 Qxb6 38. Nh5 Ra7 39. Nxf6+ gxf6 40. Qg3+ 1-0

[Event "LSS No Engine Cup 231 Preliminary 0"]
[Site "LSS email"]
[Date "2022.11.22"]
[Round "?"]
[White "Kraujunas, Vladas"]
[Black "Portas, Daniel"]
[Result "1-0"]
[WhiteElo "2031"]
[BlackElo "1654"]
[PlyCount "57"]
[EventDate "2022.11.22"]
[EventType "tourn (corr)"]
[EventRounds "6"]
[EventCountry "GER"]
[SourceTitle "Corr 2024"]
[Source "ChessBase"]
[SourceDate "2023.10.19"]
[SourceVersion "1"]
[SourceVersionDate "2023.10.19"]
[SourceQuality "1"]

1. e4 e5 2. Nf3 Nc6 3. Bb5 a6 4. Ba4 Nf6 5. 0-0 Be7 6. Re1 b5 7. Bb3 0-0 8. c3 d6 9. h3 Na5 10. Bc2 c5 11. d4 Qc7 12. Nbd2 cxd4 13. cxd4 Nc6 14. Nb3 a5 15. Be3 a4 16. Nbd2 Bb7 17. Rc1 Qd7 18. d5 Nb4 19. Bb1 Rac8 20. Qe2 Na6 21. Bd3 Nc7 22. Nf1 Ba6 23. Bd2 Na8 24. Ne3 Nb6 25. Nf5 Bd8 26. Bb4 Bc7 27. Rxc7 Rxc7 28. Bxd6 Rcc8 29. Nxe5 1-0

[Event "LSS No Engine Cup 228 Preliminary 0"]
[Site "LSS email"]
[Date "2022.07.09"]
[Round "?"]
[White "Kraujunas, Vladas"]
[Black "Wilshusen, Horst"]
[Result "1-0"]
[WhiteElo "2011"]
[BlackElo "1365"]
[PlyCount "91"]
[EventDate "2022.07.09"]
[EventType "tourn (corr)"]
[EventRounds "6"]
[EventCountry "GER"]
[SourceTitle "Corr 2024"]
[Source "ChessBase"]
[SourceDate "2023.10.19"]
[SourceVersion "1"]
[SourceVersionDate "2023.10.19"]
[SourceQuality "1"]

1. e4 e5 2. Nf3 Nc6 3. Bb5 a6 4. Ba4 Nf6 5. 0-0 Be7 6. Re1 b5 7. Bb3 d6 8. c3 0-0 9. h3 Nb8 10. d4 Nbd7 11. Nbd2 Bb7 12. Bc2 c5 13. Nf1 Re8 14. d5 Bf8 15. g4 Nb6 16. Ng3 a5 17. g5 Nfd7 18. Kh1 a4 19. h4 c4 20. Rg1 Nc5 21. Nh2 Bc8 22. Nh5 Kh8 23. Qf3 Ra7 24. Be3 Nd3 25. Bxd3 cxd3 26. Nf6 Rb7 27. Nxe8 Qxe8 28. Bxb6 Rxb6 29. Qxd3 Bd7 30. b3 a3 31. Ng4 Rb7 32. Qf3 Qe7 33. Nf6 g6 34. h5 Bg7 35. h6 Bxf6 36. Qxf6+ Qxf6 37. gxf6 Kg8 38. Kg2 Kf8 39. Rac1 Ke8 40. c4 Kd8 41. cxb5 Bxb5 42. Rc3 Rc7 43. Rxc7 Kxc7 44. Rc1+ Kd7 45. Rc3 Kd8 46. b4 1-0

[Event "LTU-ch sf"]
[Site "Vilnius"]
[Date "2022.04.13"]
[Round "9"]
[White "Kraujunas, Vladas"]
[Black "Cibulskis, Vaclovas"]
[Result "0-1"]
[WhiteElo "1701"]
[BlackElo "1818"]
[PlyCount "104"]
[EventDate "2022.04.08"]
[EventType "swiss"]
[EventRounds "9"]
[EventCountry "LTU"]
[SourceTitle "CBM 207 Extra"]
[Source "ChessBase"]
[SourceDate "2022.05.31"]
[SourceVersion "1"]
[SourceVersionDate "2022.05.31"]
[SourceQuality "1"]

1. e4 e5 2. Nf3 Nc6 3. Bb5 a6 4. Ba4 Nf6 5. 0-0 b5 6. Bb3 Be7 7. Re1 d6 8. c3 0-0 9. h3 Na5 10. Bc2 c5 11. d3 Nc6 12. Nbd2 Re8 13. Nf1 Qc7 14. Ng3 d5 15. Qe2 d4 16. Bg5 h6 17. Bd2 Kh7 18. Nh4 Bf8 19. Qf3 Ne7 20. Nhf5 Qc6 21. Nxe7 Rxe7 22. Nf5 Re8 23. g4 g6 24. Ng3 Kg7 25. Kh2 Qe6 26. Rg1 Kh8 27. Qg2 Ng8 28. cxd4 exd4 29. f4 Bb7 30. f5 Qc6 31. h4 Bd6 32. Kh3 Qc7 33. Ne2 Be5 34. Raf1 Rf8 35. Nf4 Qd6 36. Rf2 Kh7 37. Rgf1 gxf5 38. gxf5 Nf6 39. Qf3 Rg8 40. Rg2 Rxg2 41. Nxg2 Rg8 42. Bf4 Ng4 43. b3 Qf6 44. Qe2 Bxf4 45. Rxf4 Ne5 46. Bd1 Qg7 47. Kh2 Qg3+ 48. Kh1 f6 49. Rf3 Nxf3 50. Qxf3 Bc6 51. Qxg3 Rxg3 52. Kh2 Rxd3 0-1

[Event "SB-2022-0-00633"]
[Site "LSS email"]
[Date "2022.04.08"]
[Round "?"]
[White "Chapman, Mark"]
[Black "Kraujunas, Vladas"]
[Result "1-0"]
[WhiteElo "1896"]
[BlackElo "1772"]
[PlyCount "81"]
[EventDate "2022.01.15"]
[EventType "tourn (corr)"]
[EventRounds "6"]
[EventCountry "GER"]
[SourceTitle "Corr 2024"]
[Source "ChessBase"]
[SourceDate "2023.10.19"]
[SourceVersion "1"]
[SourceVersionDate "2023.10.19"]
[SourceQuality "1"]

1. e4 e5 2. Nf3 Nc6 3. Bb5 Nf6 4. d3 d6 5. 0-0 Be7 6. c3 0-0 7. Re1 a6 8. Ba4 b5 9. Bc2 Bg4 10. h3 Bh5 11. Nbd2 d5 12. g4 Bg6 13. Nh4 d4 14. Ndf3 Bc5 15. a3 dxc3 16. bxc3 Re8 17. Bb3 Qd7 18. Bg5 a5 19. a4 b4 20. cxb4 Nxb4 21. Bc4 Kh8 22. Rc1 Qd6 23. Qe2 Rf8 24. Bb5 c6 25. Bxf6 gxf6 26. Bc4 Bb6 27. Nh2 Rfb8 28. Nf1 Na6 29. Bxa6 Rxa6 30. Ng3 Bd4 31. Nhf5 Bxf5 32. Nxf5 Qd8 33. Rc4 c5 34. Rec1 Rab6 35. Qf3 Rb2 36. Nxd4 cxd4 37. g5 Kg7 38. Qg3 fxg5 39. Rc6 Qe7 40. R1c5 Re8 41. Rxa5 1-0

[Event "SB-2022-0-00633"]
[Site "LSS email"]
[Date "2022.04.08"]
[Round "?"]
[White "Cleto Junior, Dirceu"]
[Black "Kraujunas, Vladas"]
[Result "1/2-1/2"]
[WhiteElo "1971"]
[BlackElo "1772"]
[PlyCount "52"]
[EventDate "2022.01.15"]
[EventType "tourn (corr)"]
[EventRounds "6"]
[EventCountry "GER"]
[SourceTitle "Corr 2024"]
[Source "ChessBase"]
[SourceDate "2023.10.19"]
[SourceVersion "1"]
[SourceVersionDate "2023.10.19"]
[SourceQuality "1"]

1. e4 e5 2. f4 exf4 3. Nf3 g5 4. h4 g4 5. Ne5 Nf6 6. d4 d6 7. Nd3 Nxe4 8. Bxf4 Bg7 9. c3 0-0 10. Nd2 Re8 11. Nxe4 Rxe4+ 12. Be2 Nc6 13. Qd2 Bxd4 14. Bg5 f6 15. Bh6 Qe8 16. cxd4 Nxd4 17. Nf4 Bd7 18. Rc1 c5 19. Kd1 Nxe2 20. Nxe2 Qe6 21. Rc2 Re8 22. b3 Qf7 23. Qxd6 Bb5 24. Kc1 Rxe2 25. Rxe2 Rxe2 26. Qxc5 Rxa2 1/2-1/2

[Event "LSS No Engine Cup 223 Preliminary 0"]
[Site "LSS email"]
[Date "2021.11.19"]
[Round "?"]
[White "Henke, Simon"]
[Black "Kraujunas, Vladas"]
[Result "1/2-1/2"]
[WhiteElo "2111"]
[BlackElo "1997"]
[PlyCount "62"]
[EventDate "2021.11.19"]
[EventType "tourn (corr)"]
[EventRounds "6"]
[EventCountry "GER"]
[SourceTitle "Corr 2024"]
[Source "ChessBase"]
[SourceDate "2023.10.19"]
[SourceVersion "1"]
[SourceVersionDate "2023.10.19"]
[SourceQuality "1"]

1. d4 d5 2. Nc3 Nf6 3. Bf4 e6 4. Nb5 Na6 5. e3 c6 6. Nc3 Nc7 7. Nf3 Be7 8. Ne5 0-0 9. Bd3 Nce8 10. Qf3 Nd6 11. 0-0-0 Nfe4 12. Nxe4 dxe4 13. Bxe4 Nxe4 14. Qxe4 f6 15. Nd3 Qd5 16. Qxd5 cxd5 17. h4 Bd7 18. g4 e5 19. dxe5 Bxg4 20. Rdg1 Bf5 21. Rg3 Rfc8 22. Kd2 Rc6 23. c3 Rac8 24. h5 Ra6 25. a3 Rb6 26. Rhg1 g6 27. hxg6 hxg6 28. exf6 Bxf6 29. Rxg6+ Bxg6 30. Rxg6+ Kf7 31. Rg3 Rh8 1/2-1/2

[Event "RB-2021-0-00406"]
[Site "LSS email"]
[Date "2021.08.17"]
[Round "?"]
[White "Kraujunas, Vladas"]
[Black "Korn, Hans"]
[Result "0-1"]
[WhiteElo "1861"]
[BlackElo "1920"]
[PlyCount "68"]
[EventDate "2021.05.20"]
[EventType "tourn (corr)"]
[EventRounds "6"]
[EventCountry "GER"]
[SourceTitle "Corr 2024"]
[Source "ChessBase"]
[SourceDate "2023.10.19"]
[SourceVersion "1"]
[SourceVersionDate "2023.10.19"]
[SourceQuality "1"]

1. e4 c5 2. Nf3 d6 3. d4 Nf6 4. Nc3 cxd4 5. Nxd4 a6 6. Bg5 Nbd7 7. f4 Qc7 8. Qf3 h6 9. Bxf6 Nxf6 10. f5 Qc5 11. 0-0-0 g5 12. fxg6 Bg4 13. Qd3 Bxd1 14. gxf7+ Kxf7 15. Qxd1 Bg7 16. Be2 e6 17. Rf1 Ke7 18. e5 dxe5 19. Nb3 Qe3+ 20. Kb1 e4 21. Qe1 Rhf8 22. Nd1 Qb6 23. Qg3 Kf7 24. c3 Kg8 25. Qg6 Rad8 26. Nd4 Rd5 27. h4 Rd6 28. Nb3 Qc6 29. Ne3 b5 30. a3 Kh8 31. Nd4 Qe8 32. Qg3 Qd8 33. Qh3 Nd5 34. Rxf8+ Qxf8 0-1

[Event "RB-2021-0-00406"]
[Site "LSS email"]
[Date "2021.08.17"]
[Round "?"]
[White "Kraujunas, Vladas"]
[Black "Mueller, Bernd"]
[Result "1/2-1/2"]
[WhiteElo "1861"]
[BlackElo "1862"]
[PlyCount "50"]
[EventDate "2021.05.20"]
[EventType "tourn (corr)"]
[EventRounds "6"]
[EventCountry "GER"]
[SourceTitle "Corr 2024"]
[Source "ChessBase"]
[SourceDate "2023.10.19"]
[SourceVersion "1"]
[SourceVersionDate "2023.10.19"]
[SourceQuality "1"]

1. e4 e6 2. d4 d5 3. exd5 exd5 4. Bd3 Nf6 5. Nf3 Bd6 6. 0-0 0-0 7. Bg5 Be6 8. Nbd2 Nbd7 9. Re1 Re8 10. Ne5 h6 11. Bh4 c5 12. Nxd7 Bxd7 13. Rxe8+ Bxe8 14. dxc5 Bxc5 15. c3 Bd7 16. Nb3 Bb6 17. Qc2 g5 18. Bg3 Qe7 19. Nd4 Nh5 20. Qe2 Qxe2 21. Bxe2 Nxg3 22. hxg3 Re8 23. Kf1 Bxd4 24. cxd4 Kg7 25. Rc1 Re4 1/2-1/2